000 00850cam a2200289 i 4500
001 200443647
003 TR-AnTOB
005 20251230150000.0
007 ta
008 080520s1973 tu tur
040 _aTR-AnTOB
_beng
_erda
_cTR-AnTOB
041 0 _atur
050 _aHF5415
_b.P392 1973
090 _aTOBBK HF5415
_b.P392 1973
111 2 _9138467
_aPazarlama Semineri
_d(1973 :
_cAnkara)
245 1 _aPazarlama Semineri, Ankara, 13-14 Mart, 1973.
246 0 0 _aPazarlama semineri (1973: Ankara)
264 1 _aAnkara :
_bMPM,
_c1973.
300 _a122 pages. :
_b23 cm
336 _2rdacontent
_atext
_btxt
337 _2rdamedia
_aunmediated
_bn
338 _2rdacarrier
_avolume
_bnc
650 7 _aPazarlama
_2etuturkob
_917377
942 _2lcc
_cBK
999 _c200443647
_d61859